000 01605cam a22004457a 4500
001 000092842
003 CHAP
005 20220817043959.0
008 050118d2004 mx r 00110 spa d
010 _a89308
011 _a90280
035 _a100836
040 _cCHAP
090 _aTesis
100 0 0 _aAguirre Valdez, Jesús.
_93050
245 1 0 _aEstimación del índice de desarrollo humano 2000, para las entidades federativas de México, usando un PIB ajustado /
_c/por Jesús Aguirre Valdez.
260 _aChapingo, Méx. :
_bEl autor,
_c2004.
300 _a214 h.
502 _aTesis (M.C. en Economía del Desarrollo Rural) - - UACH. División de Ciencias Económicas Administrativas
590 _aALEPH
_b10
_c20130110
_lUCH01
_h1502
590 _aBATCH-UPD
_b10
_c20130110
_lUCH01
_h0959
590 _aBATCH-UPD
_b10
_c20130410
_lUCH01
_h0611
590 _aBATCH-UPD
_b10
_c20130914
_lUCH01
_h0106
590 _aBATCH-UPD
_b10
_c20140324
_lUCH01
_h1447
590 _aBATCH-UPD
_b10
_c20141002
_lUCH01
_h0824
590 _aBATCH
_b00
_c20181121
_lUCH01
_h0758
590 _aCONVERSION
_b10
_c20130109
_lUCH01
_h1349
590 _aE792CSJ
_b10
_c20130626
_lUCH01
_h1144
650 1 4 _aDesarrollo económico.
650 1 4 _aDesarrollo social.
650 1 4 _aProducto interno bruto
_zMéxico.
856 _3Finding aid
_uhttp://10.13.5.2/tesis/100836.pdf
_zTeclea aquí
856 _a1
_n0000144
901 _aBK
905 _aLilia
942 _cCD
942 _n0
949 _aTesis
_bBC
_cTES
_d100836
_eTS1
_h43207
_i100836
_sb
949 _aTesis
_bBC
_cTES
_d33724000932109
_eTS2
_fc.2
_h43208
_i100836
_si
999 _c89308
_d89308